000 00534nam a2200205 4500
003 OSt
005 20260601193402.0
008 260506b2005 |||a|||| |||| 00| 0 spa d
020 _a8489994951
040 _aICI
_bspa
_cICI
050 _aTS171.4
_b.E87
100 1 _aIndex Book
_935141
245 1 _aEstamos Hablando de Packaging
264 _bIndex Book
_c2005
_aBarcelona, España
300 _a224 páginas
336 _atexto
_2rdacontent
337 _asin medio
_2rdamedia
338 _avolumen
_2rdacarrier
942 _2ddc
_cB
_n1
999 _c21028
_d21028